People by Images - 'A' - Statistics

General Stats
  • This quiz has been taken 80 times
  • The average score is 9 of 16
Answer Stats
Picture Hint Answer % Correct
Dictator Adolf Hitler
99%
President Abraham Lincoln
97%
Diarist Anne Frank
92%
Chancellor Angela Merkel
86%
Film Director Alfred Hitchcock
82%
Aviator Amelia Earhart
78%
King Alexander the Great
72%
Actor Al Pacino
65%
Actress Audrey Hepburn
64%
Author Agatha Christie
58%
Mathematician Ada Lovelace
33%
Tenor Andrea Bocelli
22%
Tennis Player Ana Ivanović
12%
Cricketer Alastair Cook
9%
Economist Amartya Sen
1%
Billionaire Alice Walton
0%
No matching quizzes found
Score Distribution
Percent of People with Each Score
Percentile by Number Answered
Your Score History
You have not taken this quiz